000 00573nam a2200205Ia 4500
003 GCL
008 140319s9999 xx 000 0 ara d
040 _aGCL /
_cGCL
082 0 4 _a923.1
_bل ب
100 1 _aعادل زعبوب
245 1 0 _aبسمارك: حياة مكافح /
_cعادل زعبوب
700 1 _aعادل زعيتر
700 1 _aلودفيج، اميل
300 _a787 ص
490 _a100 قصة
_v0
650 0 4 _aالتراجم
650 0 4 _aالمانيا - تاريخ - العصرالحديث
650 0 4 _aبسمارك
942 _2ddc
_cBK
999 _c45703
_d45703